El secuestro : novela /

Bibliographic Details
Main Author: Albalá, Alfonso, 1924-1973
Format: Book
Language:Spanish
Published: Madrid : Ediciones Guadarrama, [1968]
Series:Coleccion Punto omega ; 34

MARC

Tag First Indicator Second Indicator Subfields
LEADER 00000cam a2200000 a 4500
001 in00000078192
005 20151008060654.0
008 730917s1968 sp 00010 spa d
035 |a (OCoLC)00690287 
035 |9 AAJ6300AM 
040 |c KSU  |d TXA  |d UtOrBLW 
049 |a TXAM  |c [387228] 
090 |a PQ6601.L175  |b S4 
100 1 |a Albalá, Alfonso,  |d 1924-1973. 
245 1 3 |a El secuestro :  |b novela /  |c Alfonso Albala. 
264 1 |a Madrid :  |b Ediciones Guadarrama,  |c [1968] 
264 4 |c ©1968 
300 |a 264 pages ;  |c 19 cm. 
336 |a text  |b txt  |2 rdacontent 
337 |a unmediated  |b n  |2 rdamedia 
338 |a volume  |b nc  |2 rdacarrier 
490 0 |a Coleccion Punto omega ;  |v 34 
500 |a Part of a series issued under the title: Historias de mi guerra civil. 
999 |a MARS 
999 f f |s df5dfb6e-cd07-364d-8434-75e2c14d9566  |i 81163f78-0a2b-38d9-adfc-6068ecbcfab7  |t 0 
952 f f |p ric  |a Texas A&M University  |b Rellis Campus  |c Joint Library Facility  |d Remote Storage  |t 0  |e PQ6601.L175 S4  |h Library of Congress classification  |i unmediated -- volume  |m A14806181649 
998 f f |a PQ6601.L175 S4  |t 0  |l Remote Storage